Normal view
MARC view
Entry Personal Name
001 - CONTROL NUMBER
- control field: 31475
003 - CONTROL NUMBER IDENTIFIER
- control field: ARRUPE
005 - DATE AND TIME OF LATEST TRANSACTION
- control field: 20170529122511.0
008 - FIXED-LENGTH DATA ELEMENTS
- fixed length control field: 170529|| aca||aabn | a|a d
040 ## - CATALOGING SOURCE
- Original cataloging agency: ARRUPE
- Transcribing agency: ARRUPE
100 ## - HEADING--PERSONAL NAME
- Personal name: Boraine, Alex.
670 ## - SOURCE DATA FOUND
- Source citation: Work cat.: (ARRUPE)99102: Boraine, Alex., A country unmasked /, 2000.